=LDR 00000nam 2200000 4500 =001 000893 =005 20250712120454 =035 ##$$a 0010-0725000771 =007 ta =008 250712################a##########0#ind## =020 ##$$a 978-623-307-985-3 =082 ##$$a 398.209 598 =084 ##$$a 398.209 598 SAI a =100 #$$a Saigal, Gia =245 1#$$a Apa Yang Kau Temukan di Dapurku? /$c Gia Saigal =250 ##$$a cetakan pertama =260 ##$$a jakarta :$b badan pengembangan dan pembinaan bahasa,$c 2022 =300 ##$$a 20 hlm. : $b ilus. ; $c 22,9 cm$e 398.209 598 =650 #4$$a literasi bahan bacaan =856 ##$$a TBM As Suhada =990 ##$$a TBM202400743